Some aspects of the chemistry of organo-alkali metal halide clusters using fast atom bombardment ionization and tandem mass spectrometry /

Bibliographic Details
Main Author: Mallis, Lawrence Marc, 1960-
Other Authors: Rowe, Marvin W. (degree committee member.), Safe, Stephen H. (degree committee member.), Scott, A. Ian (degree committee member.)
Format: Thesis Book
Language:English
Published: 1987.
Subjects:
Online Access:ProQuest, Abstract
Link to OAKTrust copy

MARC

Tag First Indicator Second Indicator Subfields
LEADER 00000ctm a2200000Ia 4500
001 in00000020436
005 20200904152410.0
008 880713s1987 xx a bm 000 0 eng d
035 |a (OCoLC)ocm18208220 
035 |9 AAB3349AM 
040 |a TXA  |b eng  |c TXA  |d OCLCQ  |d OCLCF  |d OCLCO  |d OCLCQ  |d UMI  |d OCLCA  |d TXA 
035 |a (OCoLC)18208220 
049 |a TXAM 
099 |a 1987  |a Disser-  |a tation  |a M254 
100 1 |a Mallis, Lawrence Marc,  |d 1960- 
245 1 0 |a Some aspects of the chemistry of organo-alkali metal halide clusters using fast atom bombardment ionization and tandem mass spectrometry / 
264 1 |c 1987. 
300 |a xv, 150 leaves :  |b illustrations ;  |c 29 cm 
336 |a text  |b txt  |2 rdacontent 
337 |a unmediated  |b n  |2 rdamedia 
338 |a volume  |b nc  |2 rdacarrier 
500 |a Typescript (photocopy). 
502 |b Ph. D.  |c Texas A & M University  |d 1987 
500 |a Vita. 
504 |a Includes bibliographical references (leaves 143-149). 
500 |a "Major subject: Chemistry." 
520 3 |a Tandem mass spectrometry (TMS) combined with fast-atom bombardment (FAB) ionization has been used for the structural characterization of biomolecules. The advantages of the FAB-TMS experiment have been discussed in previous works, with the major advantages usually relating to mixture analysis. Organo-alkali metal ions of the type [M+xNa-(x-1)H]+ (x = 1-3) are commonly observed in the desorption ionization mass spectra of polar organic molecules. A study of the formation and analytical utility of organo-alkali metal ion formed by fast atom bombardment (FAB) ionization and analyzed by tandem mass spectrometry is presented. It is shown that organo-alkali metal ions of the type [M+xA-(x-1)H]+ (x = 1-3) are formed from [M+A(AX)n]+ complex ions. In addition, structurally significant fragment ions are observed in the [M+A]+ collision induced dissociation (CID) spectra of polar organic molecules not observed in the [M+H]+ CID spectrum. It is further proposed that functional group basicity and organo-alkali metal ion binding energies (D°M--A+) account for specific alkali metal ion binding sites and the dissociation of specific bonds in the molecule. In this work, FAB-TMS is used to study the dissociation reaction of [M+H]+ and [M+A]+ (A = Li, Na, K, Rb, Cs) ions of polar organic molecules. This work shows that additional structural information can be gained by comparing the dissociation reactions of these two different ionic forms. 
650 0 |a Organometallic compounds  |x Analysis. 
650 0 |a Mass spectrometry. 
650 4 |a Major chemistry. 
655 7 |a Academic theses  |2 lcgft 
700 1 |a Russell, David H.,  |e degree supervisor. 
700 1 |a Rowe, Marvin W.,  |e degree committee member. 
700 1 |a Safe, Stephen H.,  |e degree committee member. 
700 1 |a Scott, A. Ian,  |e degree committee member. 
710 2 |a Texas A & M University,  |e degree granting institution. 
856 4 2 |3 ProQuest, Abstract  |u http://gateway.proquest.com/openurl?url_ver=Z39.88-2004&rft_val_fmt=info:ofi/fmt:kev:mtx:dissertation&res_dat=xri:pqm&rft_dat=xri:pqdiss:8720919  |t 0 
856 4 1 |x http://hdl.handle.net/1969.1/DISSERTATIONS-26851  |z Link to OAKTrust copy  |t 0 
856 4 1 |u http://proxy.library.tamu.edu/login?url=http://proquest.umi.com/pqdweb?did=754022391&sid=1&Fmt=2&clientId=2945&RQT=309&VName=PQD  |z Link to OAKTrust copy  |t 0 
994 |a C0  |b TXA 
999 f f |s c12a7095-950e-3831-b0d0-2cbd820f467e  |i 52a99029-e198-323e-8e58-828735d254f7  |t 0 
952 f f |p noncirc  |a Texas A&M University  |b J.J. Pickle Campus  |c High Density Repository  |s HDR  |d Remote Storage  |t 0  |e 1987 Dissertation M254  |h Other scheme  |i unmediated -- volume  |m A14839633803 
952 f f |a Texas A&M University  |b College Station  |c Electronic Resources  |s www_evans  |d Available Online  |t 0  |e 1987 Dissertation M254  |h Other scheme 
998 f f |a 1987 Dissertation M254  |t 0  |l Available Online 
998 f f |a 1987 Dissertation M254  |t 0  |l Remote Storage